| 000 | 01680cam a2200361 a 4500 | ||
|---|---|---|---|
| 999 |
_c174641 _d174641 |
||
| 001 | 15430824 | ||
| 003 | Nust | ||
| 005 | 20170205141237.0 | ||
| 008 | 080827s2009 nyu d 000 1 eng | ||
| 010 | _a 2008034420 | ||
| 020 | _a9780007267194(trade bdg,) | ||
| 020 | _a9780061214721 (lib. bdg.) | ||
| 035 | _a(OCoLC)ocn253632769 | ||
| 040 |
_aDLC _cDLC _dIG# _dBTCTA _dOCO _dUPZ _dWL8 _dBNY _dXY4 _dEHH _dDLC |
||
| 042 | _alcac | ||
| 050 | 0 | 0 |
_aPZ7.M34788 _bFr 2009 |
| 082 | 0 | 0 |
_a813.6 _bMAR |
| 100 | 1 | _aMarr, Melissa. | |
| 245 | 1 | 0 |
_aFragile eternity / _cMelissa Marr. |
| 250 | _a1st ed. | ||
| 260 |
_aNew York : _bBowen Press, _c2009. |
||
| 300 |
_a389 p. ; _c22 cm. |
||
| 500 | _aSequel to: Wicked lovely. | ||
| 500 | _aSequel: Radiant shadows. | ||
| 520 | _aAislinn and Seth struggle with the unforeseen consequences of Aislinn's transformation from mortal girl to faery queen as the world teeters on the brink of cataclysmic violence. | ||
| 650 | 1 |
_aFairies _vFiction. |
|
| 650 | 1 |
_aKings, queens, rulers, etc. _vFiction. |
|
| 650 | 1 | _aFantasy. | |
| 655 | 0 | _aYoung adult fiction. | |
| 906 |
_a7 _bcbc _corignew _d1 _eecip _f20 _gy-gencatlg |
||
| 942 |
_2ddc _cBK |
||